Zásady tvorby a možnosti ochrany obchodného mena

Analýza problematiky spojenej s tvorbou a ochranou obchodného mena.

Saved in:
Bibliographic Details
Main Author: Holub, Dušan
Format: Book Chapter
Language:Slovak
Subjects:
Tags: Add Tag
No Tags, Be the first to tag this record!

MARC

LEADER 00000naa a2200000 4500
001 0227840
005 20240502073743.7
041 0 |a slo 
044 |a SK 
245 1 0 |a Zásady tvorby a možnosti ochrany obchodného mena  |c Dušan Holub 
520 |a Analýza problematiky spojenej s tvorbou a ochranou obchodného mena. 
610 2 0 |a meno obchodné 
610 2 0 |a podnikatelia 
610 2 0 |a vlastníctvo duševné 
610 2 0 |a právo priemyselné 
610 2 0 |a zákonník obchodný 
100 1 |a Holub, Dušan